• 首页
  • 本馆介绍
  • 公告通知
  • 最新文献
  • 馆藏检索
  • 电子资源
  • 读者导购
  • 参考咨询
  • 我的图书馆
  • 登录
  • 详细信息显示
  • 放入我的书架
  • 预约/预借图书
  • 作者相关作品
  • 分类相关作品
  • 丛书相关作品
  • 出版社相关作品

书目信息

  • 表格格式
  • 工作单格式
  • 卡片格式
题名:
端午节
    
 
作者: 于淼 编著
分册:  
出版信息: 长春   吉林出版集团有限责任公司  2019重印
页数: 159页
开本: 24cm
丛书名: 争奇斗艳的世界非物质文化遗产
单 册:
中图分类: K892.18
科图分类:
主题词: 端午节--duan wu jie--风俗习惯--介绍--中国
电子资源:
ISBN: 978-7-5534-5059-9
000 01006nam 2200277 45
001 012001011367
005 20140101174133.0
010    @a978-7-5534-5059-9@dCNY27.80
099    @aCAL 012015156225
100    @a20141125d2014 em y0chiy50 ea
101 0  @achi
102    @aCN@b220000
105    @aa z 000yy
106    @ar
200 1  @a端午节@Aduan wu jie
210    @a长春@c吉林出版集团有限责任公司@d2019重印
215    @a159页@c彩图@d24cm
225 2  @a争奇斗艳的世界非物质文化遗产@Azheng qi dou yan de shi jie fei wu zhi wen hua yi chan@e彩图版@v13
314    @a书脊题: 于淼编著
330    @a本书包括端午节是中国传统节日之一、丰富多彩的端午民俗文化、和端午节有关的传说与风俗、中国端午节在世代交替中传承、端午节不仅仅是汉族的节日等内容。
410  0 @12001@a争奇斗艳的世界非物质文化遗产 (彩图版)@v13
606 0  @a端午节@Aduan wu jie@x风俗习惯@x介绍@y中国
690    @aK892.18@v5
701  0 @a于淼@Ayu miao@4编著
801  2 @aCN@b上海新华@c20191020
905    @b1138540-3@dK892.18@e343@f4
    
    端午节.-长春:吉林出版集团有限责任公司,2019重印
    159页:彩图;24cm.-(争奇斗艳的世界非物质文化遗产:彩图版;13)
    
    
    ISBN 978-7-5534-5059-9:CNY27.80
    本书包括端午节是中国传统节日之一、丰富多彩的端午民俗文化、和端午节有关的传说与风俗、中国端午节在世代交替中传承、端午节不仅仅是汉族的节日等内容。
●
相关链接 在E读中查询图书 在五车中查询图书 在当当中查询图书 在豆瓣中查询图书


正题名:端午节     索取号:K892.18/343         预约/预借

序号 登录号 条形码 馆藏地/架位号 状态 备注
1 1138540   211385400   第二样本阅览室/ [索取号:K892.18/343] 在馆    
2 1138541   211385419   第二借阅区/ [索取号:K892.18/343] 在馆    
3 1138542   211385428   第二借阅区/ [索取号:K892.18/343] 在馆    
4 1138543   211385437   第二借阅区/ [索取号:K892.18/343] 在馆    
欢迎您!
大连网信软件有限公司© 版权所有